История развития тоннелестроения с древнейших времен до наших дней Учебное пособие
Приводится исторический обзор развития подземного строительства с древнейших времен до наших дней. Освещаются вопросы совершенствования конструктивных решений и технологий строительства тоннелей в процессе развития общества научной и инженерной мысли. Приведены примеры построенных отечественных и за...
Αποθηκεύτηκε σε:
| Κύριος συγγραφέας: | |
|---|---|
| Μορφή: | Учебное пособие |
| Διαθέσιμο Online: | https://znanium.ru/catalog/document?id=452679 https://znanium.ru/cover/2171/2171346.jpg |
| Ετικέτες: |
Προσθήκη ετικέτας
Δεν υπάρχουν, Καταχωρήστε ετικέτα πρώτοι!
|
| LEADER | 03442nam0a2200289 i 4500 | ||
|---|---|---|---|
| 001 | RU\infra-m\znanium\bibl\2171346 | ||
| 003 | https://znanium.ru/catalog/document?id=452679 | ||
| 005 | 20240905000000.0 | ||
| 010 | |a 978-5-9729-2054-9 | ||
| 100 | |a 20240905d2024 m y0rusy0150 ca | ||
| 101 | 0 | |a rus | |
| 102 | |a RU | ||
| 200 | 1 | |a История развития тоннелестроения с древнейших времен до наших дней |e Учебное пособие |f Московский автомобильно-дорожный государственный технический университет | |
| 210 | 1 | |a Вологда |c Инфра-Инженерия |d 2024 | |
| 215 | |a 220 с. | ||
| 330 | |a Приводится исторический обзор развития подземного строительства с древнейших времен до наших дней. Освещаются вопросы совершенствования конструктивных решений и технологий строительства тоннелей в процессе развития общества научной и инженерной мысли. Приведены примеры построенных отечественных и зарубежных тоннелей в различные исторические эпохи. Описаны особенности строительства тоннелей различного функционального назначения исходя из технических и технологических возможностей на момент их сооружения. Даны сведения о наиболее крупных ученых и инженерах внесших существенный вклад в развитие отечественного и мирового тоннелестроения. Для студентов обучающихся по направлению подготовки 08.03.01 «Строительство» (бакалавриат) и специальности 08.05.01 «Строительство уникальных зданий и сооружений» (специалитет) изучающих соответственно дисциплины «История отрасли» и «История транспортного строительства». Может быть полезно инженерам транспортного строительства. | ||
| 333 | |a Профессиональное образование | ||
| 606 | |a Строительство |x История строительных технологий |2 local | ||
| 608 | |a Учебное пособие |2 local | ||
| 675 | |a 624 |z rus | ||
| 686 | |a 391 |2 rubbk | ||
| 686 | |a 08.03.01 |2 okso | ||
| 686 | |a 08.05.01 |2 okso | ||
| 700 | 1 | |a Сула |b Н.А. |g Николай Анатольевич |p Московский автомобильно-дорожный государственный технический университет | |
| 801 | 0 | |a RU |b Общество с ограниченной ответственностью «ЗНАНИУМ» |c 20240904 |2 rusmarc | |
| 856 | 4 | |a znanium.ru |m ebs_support@infra-m.ru |n НИЦ ИНФРА-М |u https://znanium.ru/catalog/document?id=452679 | |
| 856 | 4 | 1 | |a znanium.ru |d /cover/2171 |f 2171346.jpg |q image/jpeg |u https://znanium.ru/cover/2171/2171346.jpg |